The Consulting process in action / (Record no. 16577)

MARC details
000 -LEADER
fixed length control field 00603nam a22002057a 4500
003 - CONTROL NUMBER IDENTIFIER
control field OSt
005 - DATE AND TIME OF LATEST TRANSACTION
control field 20171011090513.0
008 - FIXED-LENGTH DATA ELEMENTS--GENERAL INFORMATION
fixed length control field 171011b xxu||||| |||| 00| 0 eng d
020 ## - INTERNATIONAL STANDARD BOOK NUMBER
International Standard Book Number 088390201X
040 ## - CATALOGING SOURCE
Original cataloging agency KABU
Transcribing agency KABU
050 ## - LIBRARY OF CONGRESS CALL NUMBER
Classification number HD69
Item number .C6L57 1986
100 ## - MAIN ENTRY--PERSONAL NAME
Personal name Lippitt, Gordon
245 ## - TITLE STATEMENT
Title The Consulting process in action /
Statement of responsibility, etc. Gordon Lippitt, Ronald Lippitt
250 ## - EDITION STATEMENT
Edition statement 2nd ed.
260 ## - PUBLICATION, DISTRIBUTION, ETC. (IMPRINT)
Place of publication, distribution, etc. San Francisco, CA
Name of publisher, distributor, etc. Jossey-Bass/Pfeiffer
Date of publication, distribution, etc. 1986
300 ## - PHYSICAL DESCRIPTION
Extent ix, 213 p.
650 ## - SUBJECT ADDED ENTRY--TOPICAL TERM
Topical term or geographic name as entry element Business consultants
700 ## - ADDED ENTRY--PERSONAL NAME
Personal name Lippitt, Ronald
942 ## - ADDED ENTRY ELEMENTS (KOHA)
Source of classification or shelving scheme Library of Congress Classification
Koha item type General Collection
Classification part HD69
Item part .C6L57 1986
Holdings
Withdrawn status Lost status Source of classification or shelving scheme Not for loan Home library Current library Shelving location Date acquired Cost, normal purchase price Inventory number Total Checkouts Total Renewals Full call number Barcode Date last seen Date last checked out Copy number Price effective from Koha item type
    Library of Congress Classification   Kabarak, Main Campus Kabarak, Main Campus General Stacks 11/10/2017 5300.00 2017/0387 2 1 HD69 .C6L57 1986 c.1 027789 02/08/2024 12/01/2023 c.1 11/10/2017 General Collection
    Library of Congress Classification   Kabarak, Nakuru City Campus Kabarak, Nakuru City Campus General Stacks 11/10/2017 5300.00 2017/0388 1 1 KTC HD69 .C6L57 1986 c.1 027790 26/02/2019 26/02/2019 c.1 11/10/2017 General Collection
Designed with assistance from East African Informatics Ltd